Seny no és timidesa / (Record no. 185904)
[ view plain ]
| 000 -LEADER | |
|---|---|
| campo de control de longitud fija | 00626nam a2200193 i 4500 |
| 001 - NÚMERO DE CONTROL | |
| campo de control | 185904 |
| 003 - IDENTIFICADOR DE NÚMERO DE CONTROL | |
| campo de control | ES-MaACL |
| 005 - FECHA Y HORA DE LA ÚLTIMA TRANSACCIÓN | |
| campo de control | 20251003063200.0 |
| 008 - DATOS DE LONGITUD FIJA--INFORMACIÓN GENERAL | |
| campo de control de longitud fija | 160822s1965 sp |||| | cat d |
| 100 1# - ENTRADA PRINCIPAL--NOMBRE DE PERSONA | |
| Nombre de persona | Espinalt, Carles M., |
| Fechas asociadas al nombre | 1920-1993 |
| 9 (RLIN) | 84412 |
| 245 10 - MENCIÓN DEL TÍTULO | |
| Título | Seny no és timidesa / |
| Mención de responsabilidad, etc. | Carles Muñoz Espinalt. |
| 260 ## - PUBLICACIÓN, DISTRIBUCIÓN, ETC. | |
| Lugar de publicación, distribución, etc. | Barcelona : |
| Nombre del editor, distribuidor, etc. | Edic. d'Aportació Catalana, |
| Fecha de publicación, distribución, etc. | 1965. |
| 300 ## - DESCRIPCIÓN FÍSICA | |
| Extensión | 25 p. ; |
| Dimensiones | 22 cm. |
| 490 1# - MENCIÓN DE SERIE | |
| Mención de serie | Entre Tots Ho Farem Tot ; |
| Designación de volumen o secuencia | 16 |
| 650 #4 - PUNTO DE ACCESO ADICIONAL DE MATERIA--TÉRMINO DE MATERIA | |
| Término de materia o nombre geográfico como elemento de entrada | Catalanes- |
| Subdivisión general | Psicología. |
| 9 (RLIN) | 160523 |
| 830 0# - PUNTO DE ACCESO ADICIONAL DE SERIE-TÍTULO UNIFORME | |
| Título uniforme | Entre Tots Ho Farem Tot ; |
| Designación de volumen o secuencia | 16 |
| 9 (RLIN) | 187406 |
| 852 ## - LOCALIZACIÓN | |
| Ubicación | ES-MaACL |
| Número de control de estantería | 2048-F-22 |
| Estatus retirado | Estado de pérdida | Estado de daño | No para préstamo | Colección | Biblioteca de origen | Biblioteca actual | Ubicación en estantería | Fecha de adquisición | Fuente de adquisición | Total de préstamos | Signatura topográfica completa | Código de barras | Visto por última vez | Precio de reemplazo | Tipo de ítem Koha |
|---|---|---|---|---|---|---|---|---|---|---|---|---|---|---|---|
| Colección de folletos | Biblioteca del Ateneo de Madrid | Biblioteca del Ateneo de Madrid | Depósito folletos | 22/08/2016 | 2048-F-22 | 1195980 | 23/02/2023 | 23/02/2023 | Folleto |
